Computational Geometry and Computer Graphics in C++ (Record no. 5428)
[ view plain ]
| 000 -LEADER | |
|---|---|
| fixed length control field | 00360nam a2200145Ia 4500 |
| 008 - FIXED-LENGTH DATA ELEMENTS--GENERAL INFORMATION | |
| fixed length control field | 191201s2019 xx 000 0 und d |
| 082 ## - DEWEY DECIMAL CLASSIFICATION NUMBER | |
| Classification number | 004.0151 |
| Item number | LAC |
| 100 ## - MAIN ENTRY--PERSONAL NAME | |
| Personal name | LASZLO, Michael J |
| 245 #0 - TITLE STATEMENT | |
| Title | Computational Geometry and Computer Graphics in C++ |
| 250 ## - EDITION STATEMENT | |
| Edition statement | Rep |
| 260 ## - PUBLICATION, DISTRIBUTION, ETC. (IMPRINT) | |
| Place of publication, distribution, etc | N. Delhi |
| Name of publisher, distributor, etc | PHI |
| 300 ## - PHYSICAL DESCRIPTION | |
| Extent | 266 |
| 650 ## - SUBJECT ADDED ENTRY--TOPICAL TERM | |
| Topical term or geographic name as entry element | M.Tech(CSE) |
| 942 ## - ADDED ENTRY ELEMENTS (KOHA) | |
| Source of classification or shelving scheme | Dewey Decimal Classification |
| Koha item type | Text Books |
| Withdrawn status | Lost status | Source of classification or shelving scheme | Damaged status | Not for loan | Collection code | Home library | Current library | Date acquired | Source of acquisition | Cost, normal purchase price | Bill Number | Total Checkouts | Full call number | Acc. no. / Barcode | Date last seen | Bill Date | Koha item type |
|---|---|---|---|---|---|---|---|---|---|---|---|---|---|---|---|---|---|
| Dewey Decimal Classification | B.Tech(CSE) | PIET C-LIBRARY | PIET C-LIBRARY | 18/07/2012 | IBH, New Delhi | 225.00 | 5735 | 004.0151 LAC | 20502 | 04/12/2019 | 14/07/2012 | Text Books | |||||
| Dewey Decimal Classification | B.Tech(CSE) | PIET C-LIBRARY | PIET C-LIBRARY | 18/07/2012 | IBH, New Delhi | 225.00 | 5735 | 004.0151 LAC | 20503 | 04/12/2019 | 14/07/2012 | Reference Books | |||||
| Dewey Decimal Classification | B.Tech(CSE) | PIET C-LIBRARY | PIET C-LIBRARY | 18/07/2012 | IBH, New Delhi | 225.00 | 5735 | 004.0151 LAC | 20504 | 04/12/2019 | 14/07/2012 | Text Books | |||||
| Dewey Decimal Classification | B.Tech(CSE) | PIET C-LIBRARY | PIET C-LIBRARY | 18/07/2012 | IBH, New Delhi | 225.00 | 5735 | 004.0151 LAC | 20505 | 04/12/2019 | 14/07/2012 | Text Books | |||||
| Dewey Decimal Classification | B.Tech(CSE) | PIET C-LIBRARY | PIET C-LIBRARY | 18/07/2012 | IBH, New Delhi | 225.00 | 5735 | 004.0151 LAC | 20506 | 04/12/2019 | 14/07/2012 | Text Books |